| 000 | 02353nam a2200553 c 4500 | ||
|---|---|---|---|
| 001 | 52331 | ||
| 003 | ES-MaCES | ||
| 005 | 20251115040005.0 | ||
| 007 | cr ||||||||||| | ||
| 008 | 220613s2021 sp 100 ||spa d | ||
| 017 |
_aNA 2448-2021 _bDL |
||
| 020 | _a9788413915333 | ||
| 020 | _a9788413915357 (electrónico) | ||
| 040 |
_aES-MaCES _bspa _cES-MaCES |
||
| 111 | 2 |
_940383 _d2021 _aSeminario Internacional sobre Nuevos Lugares, Distintos Tiempos y Modos Diversos de Trabajar, Innovación Tecnológica y Cambios en el Ordenamiento Social _cLeón |
|
| 245 | 1 | 0 |
_aSeminario Internacional sobre Nuevos Lugares, Distintos Tiempos y Modos Diversos de Trabajar _b: Innovación Tecnológica y Cambios en el Ordenamiento Social, [celebrado en León el 31 de oct. de 2021) _cRoberto Fernández Fernández, Juan José Fernández Domínguez, coords. |
| 250 | _a1ª ed | ||
| 260 |
_aCizur Menor (Navarra) _bAranzadi-Thomson Reuters _c2021 |
||
| 300 |
_a460 p. _c24 cm |
||
| 490 | 1 | _aEstudios | |
| 500 | _a Publicación en formato DÚO (papel + libro ectrónico). Disponible en formato electrónico mediante la aplicación PROVIEW | ||
| 504 | _aBibliografía | ||
| 541 | _cCompra | ||
| 650 | 4 |
_anuevas tecnologías _930788 |
|
| 650 | 4 |
_atecnología de la información _930104 |
|
| 650 | 4 |
_ainteligencia artificial _930166 |
|
| 650 | 4 |
_arobot industrial _929509 |
|
| 650 | 4 |
_aevaluación del impacto _930732 |
|
| 650 | 4 |
_aeconomía colaborativa _937923 |
|
| 650 | 4 |
_arelaciones laborales _928369 |
|
| 650 | 4 |
_anegociación colectiva _928362 |
|
| 650 | 4 |
_aordenamiento del tiempo de trabajo _929205 |
|
| 650 | 4 |
_aorganización del trabajo _929209 |
|
| 650 | 4 |
_ateletrabajo _929568 |
|
| 650 | 4 |
_acalificación profesional _928319 |
|
| 650 | 4 |
_aevaluación del nivel de formación _929282 |
|
| 650 | 4 |
_aseguridad en el trabajo _928348 |
|
| 650 | 4 |
_asalud en el trabajo _928347 |
|
| 650 | 4 |
_aderecho del trabajo _927165 |
|
| 650 | 4 |
_afuturo del trabajo _930756 |
|
| 650 | 4 |
_aconferencia _927013 |
|
| 653 | 1 | 0 | _aEconomía |
| 700 | 1 |
_911854 _aFernández Fernández, Roberto _ecoord. |
|
| 700 | 1 |
_911833 _aFernández Domínguez, Juan José _ecoord. |
|
| 830 | 0 |
_aEstudios (Thomson Reuters-Aranzadi) _934937 |
|
| 856 | 4 |
_uhttps://miespacio.aranzadilaley.es/Account/Login _yLegalteca |
|
| 902 | _aLIB Libro | ||
| 942 |
_2CES _cBK _h2.0. |
||
| 999 |
_c52331 _d52331 |
||